Un asunto tenebroso (Registro nro. 16398)
[ vista simple ]
| 000 -CABECERA | |
|---|---|
| Longitud fija campo de control | 00637nam a22002051 4500 |
| 003 - IDENTIFICADOR DELl NÚMERO DE CONTROL | |
| Identificador del número de control | OSt |
| 005 - FECHA Y HORA DE LA ÚLTIMA TRANSACCIÓN | |
| Fecha y hora de la última transacción | 20141222093456.0 |
| 008 - CÓDIGOS DE INFORMACIÓN DE LONGITUD FIJA | |
| Códigos de información de longitud fija | 900725s1970 slv spa |
| 040 ## - FUENTE DE LA CATALOGACIÓN | |
| Centro catalogador de origen | SpMaBN |
| Lengua de catalogación | spa |
| Centro transcriptor | BMC |
| 082 ## - NÚMERO DE LA CLASIFICACIÓN DECIMAL DEWEY | |
| Númeroo de clasificación | 843 |
| 100 1# - PUNTO DE ACCESO PRINCIPAL-NOMBRE DE PERSONA | |
| Nombre de persona | Balzac, Honoré de |
| Fechas asociadas al nombre | 1799-1850 |
| 9 (RLIN) | 515 |
| 245 13 - MENCIÓN DE TÍTULO | |
| Título | Un asunto tenebroso |
| Mención de responsabilidad, etc. | Honoré de Balzac ; prólogo de Carlos Ollero ; [traducción de Pedro Darnell] |
| 260 ## - PUBLICACIÓN, DISTRIBUCIÓN, ETC. (PIE DE IMPRENTA) | |
| Lugar de publicación, distribución, etc. | Navarra |
| Nombre del editor, distribuidor, etc. | Salvat |
| Fecha de publicación, distribución, etc. | 1970-1971 |
| 300 ## - DESCRIPCIÓN FÍSICA | |
| Extensión | 176 p., 1 h. |
| Dimensiones | 19 cm |
| 490 ## - MENCIÓN DE SERIE | |
| Mención de serie | Biblioteca Básica Salvat |
| Designación de volumen o secuencia | 39 |
| 650 24 - PUNTO DE ACCESO ADICIONAL DE MATERIA - TÉRMINO DE MATERIA | |
| 9 (RLIN) | 11443 |
| Término de materia o nombre geográfico como elemento inicial | Novela francesa |
| 700 1# - PUNTO DE ACCESO ADICIONAL - NOMBRE DE PERSONA | |
| Nombre de persona | Ollero, Carlos |
| 9 (RLIN) | 29325 |
| 700 1# - PUNTO DE ACCESO ADICIONAL - NOMBRE DE PERSONA | |
| Nombre de persona | Darnell, Pedro |
| 9 (RLIN) | 29326 |
| 942 ## - ENTRADA DE ELEMENTOS AGREGADOS (KOHA) | |
| Fuente de clasificaión o esquema | Dewey Decimal Classification |
| Koha [por defecto] tipo de item | 1- Monografias |
| Suprimido | Perdido | Fuente de clasificación o esquema | Estropeado | Restricciones de uso | No para préstamo | Código de colección | Localización permanente | Localización actual | Localización en estanter&íacute;as | Fecha adquisición | Fuente de adquisición | Número de inventario | Préstamos totales | Signatura completa | Código de barras | Fecha última consulta | Coste, precio reemplazado | Fecha del precio de reemplazo | Tipo de item de Koha |
|---|---|---|---|---|---|---|---|---|---|---|---|---|---|---|---|---|---|---|---|
| NULL | NULL | Dewey Decimal Classification | NULL | Prestable | NULL | NULL | Biblioteca Miguel de Cervantes - UNICAES | Biblioteca Miguel de Cervantes - UNICAES | Sala Principal | 05/12/2014 | Donación - Ana Vilma de Escobar | 025541 | N BAL asu | 1025951 | 05/12/2014 | 3.99 | 05/12/2014 | 1- Monografias | |
| NULL | NULL | Dewey Decimal Classification | NULL | Prestable | NULL | NULL | Biblioteca Miguel de Cervantes - UNICAES | Biblioteca Miguel de Cervantes - UNICAES | Sala Principal | 05/12/2014 | Donación - Ana Vilma de Escobar | 025542 | N BAL asu | 1025952 | 05/12/2014 | 3.99 | 05/12/2014 | 1- Monografias | |
| NULL | NULL | Dewey Decimal Classification | NULL | Prestable | NULL | NULL | Biblioteca Miguel de Cervantes - UNICAES | Biblioteca Miguel de Cervantes - UNICAES | Sala Principal | 05/12/2014 | Donación - Ana Vilma de Escobar | 025543 | N BAL asu | 1025953 | 05/12/2014 | 3.99 | 05/12/2014 | 1- Monografias |